[Event "DVM U20w 2021"]
[Site "Kiel GER"]
[Date "2022.07.25"]
[Round "5"]
[White "Browning, Rebecca"]
[Black "Peglau, Dora"]
[Result "1-0"]
[Termination "normal"]
[Board "1.1"]
[WhiteElo "1938"]
[BlackElo "1920"]
[WhiteClock "00:43:15"]
[BlackClock "00:08:11"]
[WhiteTeam "SK Nordhorn-Blanke"]
[BlackTeam "Schachzentrum Seeblick e. V."]
[PlyCount "73"]
[WhiteFideId "12984027"]
[BlackFideId "16220005"]
[EventCountry "GER"]
[EventRounds "7"]
[EventType "team-swiss"]
[EventDate "2022.07.22"]

1. e4 {[%clk 01:30:58]} c5 {[%clk 01:30:20]} {[%emt 00:00:40]} 2. c3 {[%clk
01:31:14]} {[%emt 00:00:14]} g6 {[%clk 01:30:30]} {[%emt 00:00:21]} 3. d4
{[%clk 01:30:36]} {[%emt 00:01:07]} cxd4 {[%clk 01:30:50]} {[%emt 00:00:10]} 4.
cxd4 {[%clk 01:29:41]} {[%emt 00:01:25]} d5 {[%clk 01:30:57]} {[%emt 00:00:22]}
5. exd5 {[%clk 01:29:01]} {[%emt 00:01:10]} Nf6 {[%clk 01:31:15]} {[%emt
00:00:12]} 6. Nf3 {[%clk 01:28:10]} {[%emt 00:01:21]} Bg7 {[%clk 01:31:21]}
{[%emt 00:00:24]} 7. Nc3 {[%clk 01:28:17]} {[%emt 00:00:23]} O-O {[%clk
01:30:24]} {[%emt 00:01:27]} 8. Bc4 {[%clk 01:28:10]} {[%emt 00:00:36]} Nbd7
{[%clk 01:28:07]} {[%emt 00:02:48]} 9. d6 {[%clk 01:27:38]} {[%emt 00:01:02]}
exd6 {[%clk 01:27:28]} {[%emt 00:01:09]} 10. O-O {[%clk 01:28:00]} {[%emt
00:00:07]} Nb6 {[%clk 01:26:56]} {[%emt 00:01:03]} 11. Bb3 {[%clk 01:28:23]}
{[%emt 00:00:07]} d5 {[%clk 01:21:34]} {[%emt 00:05:52]} 12. Bg5 {[%clk
01:28:03]} {[%emt 00:00:49]} h6 {[%clk 01:19:55]} {[%emt 00:02:10]} 13. Bf4
{[%clk 01:27:51]} {[%emt 00:00:41]} Be6 {[%clk 01:17:33]} {[%emt 00:02:52]} 14.
Re1 {[%clk 01:26:34]} {[%emt 00:01:47]} Rc8 {[%clk 01:15:47]} {[%emt 00:02:15]}
15. Ne5 {[%clk 01:25:30]} {[%emt 00:01:35]} Re8 {[%clk 01:09:36]} {[%emt
00:06:42]} 16. Bc2 {[%clk 01:19:30]} {[%emt 00:06:30]} Kh7 {[%clk 00:59:03]}
{[%emt 00:11:04]} 17. Qb1 {[%clk 01:15:15]} {[%emt 00:04:43]} Kh8 {[%clk
00:38:44]} {[%emt 00:20:50]} 18. Nb5 {[%clk 01:11:46]} {[%emt 00:03:58]} Kg8
{[%clk 00:27:12]} {[%emt 00:12:03]} 19. Nxa7 {[%clk 01:08:13]} {[%emt
00:04:02]} Ra8 {[%clk 00:27:37]} {[%emt 00:00:05]} 20. Nb5 {[%clk 01:08:26]}
{[%emt 00:00:16]} g5 {[%clk 00:24:24]} {[%emt 00:03:44]} 21. Bg3 {[%clk
01:08:12]} {[%emt 00:00:43]} Nh5 {[%clk 00:22:04]} {[%emt 00:02:51]} 22. Nc7
{[%clk 01:06:23]} {[%emt 00:02:19]} Qxc7 {[%clk 00:16:24]} {[%emt 00:06:10]}
23. Bh7+ {[%clk 01:06:48]} {[%emt 00:00:05]} Kh8 {[%clk 00:16:49]} {[%emt
00:00:05]} 24. Ng6+ {[%clk 01:07:14]} {[%emt 00:00:04]} fxg6 {[%clk 00:17:13]}
{[%emt 00:00:06]} 25. Bxc7 {[%clk 01:07:40]} {[%emt 00:00:03]} Kxh7 {[%clk
00:17:38]} {[%emt 00:00:06]} 26. Bxb6 {[%clk 01:08:01]} {[%emt 00:00:08]} Bf5
{[%clk 00:17:12]} {[%emt 00:00:57]} 27. Qc1 {[%clk 01:07:31]} {[%emt 00:00:58]}
Nf4 {[%clk 00:16:40]} {[%emt 00:01:04]} 28. Rxe8 {[%clk 00:58:50]} {[%emt
00:09:11]} Rxe8 {[%clk 00:17:08]} {[%emt 00:00:02]} 29. Qd2 {[%clk 00:58:46]}
{[%emt 00:00:30]} Re2 {[%clk 00:17:09]} {[%emt 00:00:32]} 30. Qc3 {[%clk
00:53:49]} {[%emt 00:05:26]} Rc2 {[%clk 00:16:05]} {[%emt 00:01:37]} 31. Qb3
{[%clk 00:50:26]} {[%emt 00:03:50]} Be4 {[%clk 00:15:19]} {[%emt 00:01:17]} 32.
Re1 {[%clk 00:47:31]} {[%emt 00:03:24]} h5 {[%clk 00:12:41]} {[%emt 00:03:10]}
33. h3 {[%clk 00:47:39]} {[%emt 00:00:21]} Rd2 {[%clk 00:11:38]} {[%emt
00:01:33]} 34. Ba5 {[%clk 00:43:20]} {[%emt 00:04:48]} Rxd4 {[%clk 00:10:24]}
{[%emt 00:01:44]} 35. Bc3 {[%clk 00:43:43]} {[%emt 00:00:06]} Rd3 {[%clk
00:07:53]} {[%emt 00:03:03]} 36. Qxb7 {[%clk 00:44:01]} {[%emt 00:00:11]} Ne6
{[%clk 00:08:11]} {[%emt 00:00:13]} 37. f3 {[%clk 00:43:15]} {[%emt 00:01:15]}
1-0

[Event "DVM U20w 2021"]
[Site "Kiel GER"]
[Date "2022.07.25"]
[Round "5"]
[White "Wilmink, Anna"]
[Black "Peglau, Charis"]
[Result "0-1"]
[Termination "normal"]
[Board "1.3"]
[WhiteElo "1692"]
[BlackElo "1870"]
[WhiteClock "00:01:38"]
[BlackClock "00:03:57"]
[WhiteTeam "SK Nordhorn-Blanke"]
[BlackTeam "Schachzentrum Seeblick e. V."]
[PlyCount "66"]
[WhiteFideId "16273680"]
[BlackFideId "16219996"]
[EventCountry "GER"]
[EventRounds "7"]
[EventType "team-swiss"]
[EventDate "2022.07.22"]

1. e4 {[%clk 01:30:57]} {[%emt 00:00:03]} c6 {[%clk 01:30:51]} {[%emt
00:00:10]} 2. d4 {[%clk 01:31:19]} {[%emt 00:00:07]} d5 {[%clk 01:31:16]}
{[%emt 00:00:05]} 3. exd5 {[%clk 01:31:38]} {[%emt 00:00:11]} cxd5 {[%clk
01:31:41]} {[%emt 00:00:05]} 4. c4 {[%clk 01:32:03]} {[%emt 00:00:05]} Nf6
{[%clk 01:31:57]} {[%emt 00:00:14]} 5. Nc3 {[%clk 01:32:25]} {[%emt 00:00:09]}
g6 {[%clk 01:32:06]} {[%emt 00:00:21]} 6. Qb3 {[%clk 01:32:46]} {[%emt
00:00:08]} Bg7 {[%clk 01:32:05]} {[%emt 00:00:31]} 7. cxd5 {[%clk 01:31:42]}
{[%emt 00:01:34]} O-O {[%clk 01:32:05]} {[%emt 00:00:30]} 8. Nf3 {[%clk
01:31:12]} {[%emt 00:01:00]} a5 {[%clk 01:30:37]} {[%emt 00:01:57]} 9. a4
{[%clk 01:29:20]} {[%emt 00:02:22]} Na6 {[%clk 01:30:50]} {[%emt 00:00:17]} 10.
Bxa6 {[%clk 01:25:25]} {[%emt 00:04:26]} Rxa6 {[%clk 01:30:35]} {[%emt
00:00:46]} 11. O-O {[%clk 01:23:34]} {[%emt 00:02:20]} Rb6 {[%clk 01:20:41]}
{[%emt 00:10:24]} 12. Qa2 {[%clk 01:18:33]} {[%emt 00:05:31]} Bf5 {[%clk
01:18:10]} {[%emt 00:03:01]} 13. Nd2 {[%clk 01:12:31]} {[%emt 00:06:31]} Rb4
{[%clk 01:17:27]} {[%emt 00:01:13]} 14. Nf3 {[%clk 01:04:37]} {[%emt 00:08:24]}
Bd3 {[%clk 01:16:34]} {[%emt 00:01:22]} 15. Re1 {[%clk 01:01:54]} {[%emt
00:03:14]} Bc4 {[%clk 01:15:43]} {[%emt 00:01:22]} 16. Qa3 {[%clk 01:00:10]}
{[%emt 00:02:14]} Nxd5 {[%clk 01:10:36]} {[%emt 00:05:36]} 17. Bd2 {[%clk
00:54:00]} {[%emt 00:06:40]} Nb6 {[%clk 00:54:56]} {[%emt 00:16:10]} 18. Be3
{[%clk 00:45:06]} {[%emt 00:09:24]} e6 {[%clk 00:52:27]} {[%emt 00:03:00]} 19.
Rab1 {[%clk 00:37:52]} {[%emt 00:07:43]} Bb3 {[%clk 00:50:03]} {[%emt
00:02:54]} 20. Rec1 {[%clk 00:34:18]} {[%emt 00:04:04]} Nc4 {[%clk 00:35:43]}
{[%emt 00:14:50]} 21. Qa1 {[%clk 00:34:05]} {[%emt 00:00:43]} Qd7 {[%clk
00:35:12]} {[%emt 00:01:01]} 22. Re1 {[%clk 00:25:12]} {[%emt 00:09:24]} Bxa4
{[%clk 00:33:02]} {[%emt 00:02:39]} 23. Re2 {[%clk 00:23:29]} {[%emt 00:02:13]}
Bc6 {[%clk 00:27:16]} {[%emt 00:06:17]} 24. Nd2 {[%clk 00:16:30]} {[%emt
00:07:29]} Ra8 {[%clk 00:16:15]} {[%emt 00:11:31]} 25. Nxc4 {[%clk 00:14:33]}
{[%emt 00:02:26]} Rxc4 {[%clk 00:16:43]} {[%emt 00:00:02]} 26. b3 {[%clk
00:14:17]} {[%emt 00:00:47]} Rb4 {[%clk 00:16:50]} {[%emt 00:00:23]} 27. Rd2
{[%clk 00:12:15]} {[%emt 00:02:32]} Ra6 {[%clk 00:13:41]} {[%emt 00:03:38]} 28.
Qa3 {[%clk 00:09:30]} {[%emt 00:03:15]} h5 {[%clk 00:10:00]} {[%emt 00:04:12]}
29. h3 {[%clk 00:08:23]} {[%emt 00:01:36]} Kh7 {[%clk 00:08:21]} {[%emt
00:02:09]} 30. Kh1 {[%clk 00:08:01]} {[%emt 00:00:52]} Bxd4 {[%clk 00:03:27]}
{[%emt 00:05:25]} 31. Rbd1 {[%clk 00:03:06]} {[%emt 00:05:25]} e5 {[%clk
00:03:42]} {[%emt 00:00:15]} 32. Ne2 {[%clk 00:01:26]} {[%emt 00:02:10]} Qxh3+
{[%clk 00:04:01]} {[%emt 00:00:11]} 33. Kg1 {[%clk 00:01:38]} {[%emt 00:00:17]}
Qxg2# {[%clk 00:03:57]} {[%emt 00:00:04]} 0-1

[Event "DVM U20w 2021"]
[Site "Kiel GER"]
[Date "2022.07.25"]
[Round "5"]
[White "Hrebenshchykova, Yelyzaveta"]
[Black "Basovskiy, Jana"]
[Result "1-0"]
[Termination "normal"]
[Board "2.1"]
[WhiteElo "2088"]
[BlackElo "1867"]
[WhiteClock "00:16:22"]
[BlackClock "00:36:05"]
[WhiteTeam "SC Noris-Tarrasch Nürnberg 1873 e.V."]
[BlackTeam "Karlsruher SF 1853"]
[PlyCount "61"]
[WhiteFideId "14159899"]
[BlackFideId "16208617"]
[EventCountry "GER"]
[EventRounds "7"]
[EventType "team-swiss"]
[EventDate "2022.07.22"]

1. e4 {[%clk 01:30:50]} {[%emt 00:00:09]} c5 {[%clk 01:30:57]} {[%emt
00:00:04]} 2. Nf3 {[%clk 01:31:16]} {[%emt 00:00:04]} e6 {[%clk 01:31:23]}
{[%emt 00:00:04]} 3. d4 {[%clk 01:31:41]} {[%emt 00:00:04]} cxd4 {[%clk
01:31:49]} {[%emt 00:00:03]} 4. Nxd4 {[%clk 01:32:07]} {[%emt 00:00:04]} Nf6
{[%clk 01:32:15]} {[%emt 00:00:05]} 5. Nc3 {[%clk 01:32:11]} {[%emt 00:00:26]}
Nc6 {[%clk 01:32:40]} {[%emt 00:00:05]} 6. Nxc6 {[%clk 01:25:34]} {[%emt
00:07:07]} bxc6 {[%clk 01:33:02]} {[%emt 00:00:07]} 7. e5 {[%clk 01:26:01]}
{[%emt 00:00:04]} Nd5 {[%clk 01:33:27]} {[%emt 00:00:05]} 8. Ne4 {[%clk
01:26:26]} {[%emt 00:00:04]} Qa5+ {[%clk 01:33:51]} {[%emt 00:00:06]} 9. c3
{[%clk 01:09:09]} {[%emt 00:17:48]} Qc7 {[%clk 01:34:14]} {[%emt 00:00:07]} 10.
f4 {[%clk 01:07:47]} {[%emt 00:01:52]} Qb6 {[%clk 01:34:27]} {[%emt 00:00:16]}
11. c4 {[%clk 01:00:22]} {[%emt 00:07:56]} Bb4+ {[%clk 01:34:47]} {[%emt
00:00:10]} 12. Ke2 {[%clk 01:00:45]} {[%emt 00:00:07]} f5 {[%clk 01:35:05]}
{[%emt 00:00:12]} 13. Nf2 {[%clk 00:59:21]} {[%emt 00:01:55]} Ba6 {[%clk
01:35:21]} {[%emt 00:00:14]} 14. Kf3 {[%clk 00:58:50]} {[%emt 00:01:01]} Ne7
{[%clk 01:35:42]} {[%emt 00:00:09]} 15. Be3 {[%clk 00:52:59]} {[%emt 00:06:21]}
Bc5 {[%clk 01:36:07]} {[%emt 00:00:04]} 16. Bxc5 {[%clk 00:39:57]} {[%emt
00:13:32]} Qxc5 {[%clk 01:35:13]} {[%emt 00:01:24]} 17. Qd6 {[%clk 00:37:58]}
{[%emt 00:02:29]} Qa5 {[%clk 01:35:21]} {[%emt 00:00:21]} 18. Be2 {[%clk
00:28:45]} {[%emt 00:09:45]} g5 {[%clk 01:25:18]} {[%emt 00:10:33]} 19. Rhd1
{[%clk 00:29:07]} {[%emt 00:00:07]} Rd8 {[%clk 01:18:33]} {[%emt 00:07:14]} 20.
b3 {[%clk 00:23:40]} {[%emt 00:05:58]} gxf4 {[%clk 00:59:21]} {[%emt 00:19:41]}
21. Nd3 {[%clk 00:24:01]} {[%emt 00:00:10]} Ng6 {[%clk 00:58:57]} {[%emt
00:00:54]} 22. Kf2 {[%clk 00:23:42]} {[%emt 00:00:49]} Qb6+ {[%clk 00:57:20]}
{[%emt 00:02:05]} 23. Nc5 {[%clk 00:22:06]} {[%emt 00:02:08]} Bc8 {[%clk
00:56:40]} {[%emt 00:01:07]} 24. Bh5 {[%clk 00:21:03]} {[%emt 00:01:35]} Rg8
{[%clk 00:53:26]} {[%emt 00:03:43]} 25. g3 {[%clk 00:19:53]} {[%emt 00:01:41]}
fxg3+ {[%clk 00:48:02]} {[%emt 00:05:54]} 26. hxg3 {[%clk 00:20:18]} {[%emt
00:00:05]} Qa5 {[%clk 00:48:15]} {[%emt 00:00:14]} 27. a3 {[%clk 00:16:16]}
{[%emt 00:04:36]} Rf8 {[%clk 00:36:20]} {[%emt 00:12:25]} 28. b4 {[%clk
00:15:42]} {[%emt 00:01:04]} Qb6 {[%clk 00:36:40]} {[%emt 00:00:09]} 29. Rh1
{[%clk 00:15:35]} {[%emt 00:00:38]} a5 {[%clk 00:35:40]} {[%emt 00:01:29]} 30.
Bxg6+ {[%clk 00:15:56]} {[%emt 00:00:09]} hxg6 {[%clk 00:36:05]} {[%emt
00:00:05]} 31. Rh7 {[%clk 00:16:22]} {[%emt 00:00:03]} 1-0

[Event "DVM U20w 2021"]
[Site "Kiel GER"]
[Date "2022.07.25"]
[Round "5"]
[White "Tabakh, Tassnim"]
[Black "Müdder, Melanie"]
[Result "0-1"]
[Termination "normal"]
[Board "3.1"]
[WhiteElo "1241"]
[BlackElo "1865"]
[WhiteClock "00:38:35"]
[BlackClock "00:25:40"]
[WhiteTeam "SV Bad Oldesloe"]
[BlackTeam "Schachgesellschaft Solingen e. V."]
[PlyCount "62"]
[WhiteFideId "16274040"]
[BlackFideId "12994103"]
[EventCountry "GER"]
[EventRounds "7"]
[EventType "team-swiss"]
[EventDate "2022.07.22"]

1. Nf3 {[%clk 01:30:57]} {[%emt 00:00:02]} Nf6 {[%clk 01:30:52]} {[%emt
00:00:08]} 2. d4 {[%clk 01:31:22]} {[%emt 00:00:06]} g6 {[%clk 01:31:14]}
{[%emt 00:00:08]} 3. Bg5 {[%clk 01:31:15]} {[%emt 00:00:36]} Ne4 {[%clk
01:30:01]} {[%emt 00:01:43]} 4. Bh4 {[%clk 01:29:22]} {[%emt 00:02:24]} Bg7
{[%clk 01:29:19]} {[%emt 00:01:11]} 5. g4 {[%clk 01:26:41]} {[%emt 00:03:11]}
c5 {[%clk 01:27:54]} {[%emt 00:01:55]} 6. c3 {[%clk 01:26:04]} {[%emt
00:01:07]} d5 {[%clk 01:26:30]} {[%emt 00:01:54]} 7. h3 {[%clk 01:24:37]}
{[%emt 00:01:58]} Nc6 {[%clk 01:25:10]} {[%emt 00:01:50]} 8. e3 {[%clk
01:23:44]} {[%emt 00:01:23]} Qb6 {[%clk 01:21:18]} {[%emt 00:04:21]} 9. Qc2
{[%clk 01:21:11]} {[%emt 00:03:04]} Bd7 {[%clk 01:17:26]} {[%emt 00:04:22]} 10.
Nbd2 {[%clk 01:17:56]} {[%emt 00:03:46]} Nxd2 {[%clk 01:15:45]} {[%emt
00:02:11]} 11. Qxd2 {[%clk 01:16:23]} {[%emt 00:02:02]} O-O {[%clk 01:11:26]}
{[%emt 00:04:49]} 12. O-O-O {[%clk 01:10:27]} {[%emt 00:06:27]} Rac8 {[%clk
01:07:25]} {[%emt 00:04:31]} 13. Kb1 {[%clk 01:06:20]} {[%emt 00:04:36]} cxd4
{[%clk 01:06:11]} {[%emt 00:01:45]} 14. exd4 {[%clk 01:06:22]} {[%emt
00:00:27]} Qa5 {[%clk 01:04:08]} {[%emt 00:02:33]} 15. Bg2 {[%clk 01:02:12]}
{[%emt 00:04:40]} b5 {[%clk 01:01:34]} {[%emt 00:03:04]} 16. a3 {[%clk
00:58:14]} {[%emt 00:04:28]} Qb6 {[%clk 00:58:18]} {[%emt 00:03:45]} 17. Ne5
{[%clk 00:52:08]} {[%emt 00:06:37]} Nxe5 {[%emt 00:07:38]} 18. dxe5 {[%clk
00:52:13]} {[%emt 00:00:23]} e6 {[%clk 00:49:50]} {[%emt 00:01:53]} 19. Rhe1
{[%clk 00:51:32]} {[%emt 00:01:10]} a5 {[%clk 00:48:48]} {[%emt 00:01:33]} 20.
Qd4 {[%clk 00:50:12]} {[%emt 00:01:49]} Qb8 {[%clk 00:47:16]} {[%emt 00:02:02]}
21. Bf1 {[%clk 00:49:21]} {[%emt 00:01:22]} b4 {[%clk 00:41:39]} {[%emt
00:06:07]} 22. cxb4 {[%clk 00:48:13]} {[%emt 00:01:36]} Ba4 {[%clk 00:38:49]}
{[%emt 00:03:21]} 23. Rc1 {[%clk 00:46:12]} {[%emt 00:02:31]} Rxc1+ {[%clk
00:37:59]} {[%emt 00:01:20]} 24. Rxc1 {[%clk 00:45:49]} {[%emt 00:00:53]} Bxe5
{[%clk 00:37:38]} {[%emt 00:00:52]} 25. Qc5 {[%clk 00:45:05]} {[%emt 00:01:13]}
Bf4 {[%clk 00:35:20]} {[%emt 00:02:49]} 26. Rc3 {[%clk 00:43:45]} {[%emt
00:01:50]} d4 {[%clk 00:28:11]} {[%emt 00:07:40]} 27. Rc4 {[%clk 00:41:07]}
{[%emt 00:03:06]} Bb3 {[%clk 00:26:56]} {[%emt 00:01:46]} 28. Rxd4 {[%clk
00:39:22]} {[%emt 00:02:15]} Rc8 {[%clk 00:26:36]} {[%emt 00:00:49]} 29. Bg3
{[%clk 00:38:17]} {[%emt 00:01:34]} Bxg3 {[%clk 00:24:56]} {[%emt 00:02:12]}
30. Qxc8+ {[%clk 00:38:13]} {[%emt 00:00:34]} Qxc8 {[%clk 00:25:19]} {[%emt
00:00:08]} 31. fxg3 {[%clk 00:38:35]} {[%emt 00:00:07]} Qc2+ {[%clk 00:25:40]}
{[%emt 00:00:09]} 0-1

[Event "DVM U20w 2021"]
[Site "Kiel GER"]
[Date "2022.07.25"]
[Round "5"]
[White "Rudolph, Eva"]
[Black "Tabakh, Najat"]
[Result "1-0"]
[Termination "normal"]
[Board "3.2"]
[WhiteElo "1892"]
[BlackElo "1313"]
[WhiteClock "01:03:14"]
[BlackClock "00:54:10"]
[WhiteTeam "Schachgesellschaft Solingen e. V."]
[BlackTeam "SV Bad Oldesloe"]
[PlyCount "93"]
[WhiteFideId "16200594"]
[BlackFideId "16209109"]
[EventCountry "GER"]
[EventRounds "7"]
[EventType "team-swiss"]
[EventDate "2022.07.22"]

1. e4 {[%clk 01:30:57]} {[%emt 00:00:02]} d5 {[%clk 01:30:48]} {[%emt
00:00:12]} 2. exd5 {[%clk 01:31:22]} {[%emt 00:00:06]} Nf6 {[%clk 01:31:01]}
{[%emt 00:00:16]} 3. c4 {[%clk 01:31:30]} {[%emt 00:00:23]} Bf5 {[%clk
01:26:34]} {[%emt 00:04:56]} 4. Nf3 {[%clk 01:30:44]} {[%emt 00:01:16]} g6
{[%clk 01:25:51]} {[%emt 00:01:13]} 5. Nc3 {[%clk 01:30:00]} {[%emt 00:01:14]}
Bg7 {[%clk 01:25:24]} {[%emt 00:00:56]} 6. Be2 {[%clk 01:29:48]} {[%emt
00:00:43]} c6 {[%clk 01:24:53]} {[%emt 00:01:01]} 7. dxc6 {[%clk 01:27:44]}
{[%emt 00:02:34]} Nxc6 {[%clk 01:25:07]} {[%emt 00:00:15]} 8. d4 {[%clk
01:27:50]} {[%emt 00:00:24]} O-O {[%clk 01:24:57]} {[%emt 00:00:41]} 9. O-O
{[%clk 01:27:17]} {[%emt 00:01:04]} Ne4 {[%clk 01:23:33]} {[%emt 00:01:54]} 10.
Be3 {[%clk 01:26:53]} {[%emt 00:00:53]} Nxc3 {[%clk 01:22:55]} {[%emt
00:01:08]} 11. bxc3 {[%clk 01:27:14]} {[%emt 00:00:09]} e5 {[%clk 01:22:46]}
{[%emt 00:00:39]} 12. d5 {[%clk 01:26:18]} {[%emt 00:01:26]} Na5 {[%clk
01:21:43]} {[%emt 00:01:32]} 13. Qd2 {[%clk 01:25:06]} {[%emt 00:01:42]} b6
{[%clk 01:21:20]} {[%emt 00:00:54]} 14. c5 {[%clk 01:21:20]} {[%emt 00:04:15]}
Rc8 {[%clk 01:19:24]} {[%emt 00:02:25]} 15. Ba6 {[%clk 01:18:58]} {[%emt
00:02:53]} Rb8 {[%clk 01:17:58]} {[%emt 00:01:55]} 16. c6 {[%clk 01:17:51]}
{[%emt 00:01:38]} Qd6 {[%clk 01:15:10]} {[%emt 00:03:17]} 17. Rad1 {[%clk
01:15:45]} {[%emt 00:02:37]} Bc8 {[%clk 01:13:42]} {[%emt 00:01:57]} 18. Bb5
{[%clk 01:12:44]} {[%emt 00:03:31]} a6 {[%clk 01:12:50]} {[%emt 00:01:23]} 19.
Be2 {[%clk 01:10:39]} {[%emt 00:02:35]} b5 {[%clk 01:07:41]} {[%emt 00:05:39]}
20. Ng5 {[%clk 01:08:44]} {[%emt 00:02:24]} b4 {[%clk 01:06:16]} {[%emt
00:01:53]} 21. Ne4 {[%clk 01:06:59]} {[%emt 00:02:16]} bxc3 {[%clk 01:04:14]}
{[%emt 00:02:33]} 22. Qxc3 {[%clk 01:06:41]} {[%emt 00:00:49]} Qb4 {[%clk
01:00:39]} {[%emt 00:04:03]} 23. c7 {[%clk 01:05:19]} {[%emt 00:01:53]} Rb5
{[%clk 00:52:19]} {[%emt 00:08:49]} 24. Bxb5 {[%clk 01:04:17]} {[%emt
00:01:33]} Qxb5 {[%emt 00:00:12]} 25. Qc5 {[%clk 01:04:04]} {[%emt 00:00:38]}
Nb7 {[%clk 00:49:46]} {[%emt 00:03:25]} 26. Qxb5 {[%clk 01:02:44]} {[%emt
00:01:51]} axb5 {[%clk 00:49:58]} {[%emt 00:00:18]} 27. Bc5 {[%clk 01:01:32]}
{[%emt 00:01:41]} Nxc5 28. Nxc5 {[%clk 01:01:56]} Re8 {[%clk 00:49:29]} {[%emt
00:00:49]} 29. d6 {[%clk 01:02:16]} {[%emt 00:00:10]} Bf6 {[%clk 00:49:07]}
{[%emt 00:00:52]} 30. d7 {[%clk 01:02:29]} {[%emt 00:00:17]} Rf8 {[%clk
00:48:59]} {[%emt 00:00:36]} 31. d8=Q {[%clk 01:01:20]} {[%emt 00:01:41]} Bxd8
{[%clk 00:49:01]} {[%emt 00:00:29]} 32. cxd8=Q {[%clk 01:00:17]} {[%emt
00:01:32]} Rxd8 {[%clk 00:49:16]} {[%emt 00:00:14]} 33. Rxd8+ {[%clk 01:00:42]}
{[%emt 00:00:06]} Kg7 {[%clk 00:49:41]} {[%emt 00:00:04]} 34. Rxc8 {[%clk
01:01:07]} {[%emt 00:00:06]} b4 {[%clk 00:50:07]} {[%emt 00:00:04]} 35. Re1
{[%clk 01:01:24]} {[%emt 00:00:12]} f6 {[%clk 00:50:29]} {[%emt 00:00:09]} 36.
Rc7+ {[%clk 01:01:28]} {[%emt 00:00:27]} Kh6 {[%clk 00:50:52]} {[%emt
00:00:06]} 37. Re3 {[%clk 01:01:35]} {[%emt 00:00:23]} g5 {[%clk 00:51:05]}
{[%emt 00:00:17]} 38. Rh3+ {[%clk 01:01:33]} {[%emt 00:00:32]} Kg6 {[%clk
00:51:28]} {[%emt 00:00:07]} 39. Rhxh7 {[%clk 01:01:55]} {[%emt 00:00:08]} Kf5
{[%clk 00:51:49]} {[%emt 00:00:08]} 40. h3 {[%clk 01:01:56]} {[%emt 00:00:29]}
Kf4 {[%clk 00:52:07]} {[%emt 00:00:13]} 41. g3+ {[%clk 01:01:27]} {[%emt
00:00:59]} Kf3 {[%clk 00:52:27]} {[%emt 00:00:10]} 42. Rhf7 {[%clk 01:01:52]}
{[%emt 00:00:05]} Ke2 {[%clk 00:52:47]} {[%emt 00:00:10]} 43. Rcd7 {[%clk
01:02:05]} {[%emt 00:00:18]} Ke1 {[%clk 00:53:02]} {[%emt 00:00:15]} 44. Rxf6
{[%clk 01:02:28]} {[%emt 00:00:07]} e4 {[%clk 00:53:25]} {[%emt 00:00:06]} 45.
Re6 {[%clk 01:02:52]} {[%emt 00:00:06]} Ke2 {[%clk 00:53:49]} {[%emt 00:00:07]}
46. Rxe4+ {[%clk 01:02:54]} {[%emt 00:00:28]} Kf3 {[%clk 00:54:10]} {[%emt
00:00:09]} 47. Rf7# {[%clk 01:03:14]} {[%emt 00:00:08]} 1-0